| 000 | 00366nam a2200145Ia 4500 | ||
|---|---|---|---|
| 008 | 210210b2006 xxu||||| |||| 00| 0 eng d | ||
| 082 | _a303.62 GOPG | ||
| 100 | _aGOPAL (K). | ||
| 245 | _aGujarat pogrom 2002. | ||
| 260 |
_aU P _bJanupuri Shiksha Mission _c2006 |
||
| 300 | _axiv,306 | ||
| 650 | _aGujarat Riot Godhra | ||
| 690 | _aSocial Change | ||
| 906 | _a061163 | ||
| 999 |
_c108144 _d108144 |
||